| 000 | 00906nas a2200277 4500 | ||
|---|---|---|---|
| 001 | BR0809874 | ||
| 003 | BR-BrBNA | ||
| 005 | 20231205112803.0 | ||
| 007 | ta | ||
| 008 | 230509b bl.|||p| |||| 00| 00por d | ||
| 040 |
_aBR-BrBNA _bpor _cBiblioteca Nacional de Agricultura |
||
| 041 | _a(Pt) | ||
| 072 | _aL10 | ||
| 100 | 1 | _aKippert, C.J. | |
| 100 | 1 | _aRorato, P.R.N. | |
| 100 | 1 | _aLopes, J.S. | |
| 100 | 1 | _aWeber, T. | |
| 100 | 1 | _aBoligon, A.A. | |
| 245 | 1 | _aEfeitos genéticos aditivos diretos e maternos heterozigóticos sobre os desempenhos pré e pós-desmama em uma população multirracial Aberdeen Angus x Nelore | |
| 650 | _aBOVINO | ||
| 650 | _aGENÉTICA ANIMAL | ||
| 650 | _aVIGOR HIBRÍDO | ||
| 773 | 0 |
_tRevista Brasileira de Zootecnia (Brazil) _xISSN 1516-3598 _g(Aug 2008), v. 37(8) p. 1383-1391 _wBR0809874 |
|
| 909 |
_a202311 _bLúcia _c55 _dLúcia Elande |
||
| 942 |
_2AGRIS _n0 _cANA |
||
| 999 |
_c199980 _d199980 |
||